| 000 | 02725cam a22003251i 4500 | ||
|---|---|---|---|
| 003 | SA-RiAUC | ||
| 005 | 20241217082457.0 | ||
| 008 | 241216s2015____jo g 000 0 ara c | ||
| 020 | _a9789957801694 | ||
| 024 | 0 | _a00000000973840 | |
| 035 | _aADRIF2018-1089 | ||
| 040 |
_aSA-RiIMS _bara _cSA-RiAUC _dAE-DuMBRL _erda |
||
| 050 | 4 | _b.I77 2015 | |
| 082 | 0 | 4 |
_a332.1221 _qSA-RiAUC |
| 090 |
_a332.1221 _bأ ر ش |
||
| 100 | 1 |
_aأرشيد، محمود عبد الكريم أحمد _eمؤلف. |
|
| 245 | 1 | 2 |
_aالمدخل الشامل إلى معاملات وعمليات المصارف الإسلامية / _cالدكتور محمود عبد الكريم أحمد أرشيد. |
| 250 | _aالطبعة الأولى. | ||
| 264 | 1 |
_aعمان، الأردن : _bدار النفائس للنشر والتوزيع، _c2015. |
|
| 300 |
_a382 صفحة ؛ _c24 × 17 سم |
||
| 336 |
_aنص _btxt _2rdacontent _3كتاب |
||
| 337 |
_aبدون وسيط _bn _2rdamedia |
||
| 338 |
_aمجلد _bnc _2rdacarrier |
||
| 504 | _aيشتمل على إرجاعات ببليوجرافية. | ||
| 520 | _aيتناول كتاب (المدخل الشامل إلى معاملات وعمليات المصارف الإسلامية) والذي قام بتأليفه د. محمود عبد الكريم إرشيد، موضوع (المصارف الإسلامية) هذا الكتاب وضعه مؤلفه على وفق منهج دراسي، ليسد حاجة الدارس المبتدي، وليكون مرجعاً سهلا للعاملين في المصارف الإسلامية، بل لكل شخص يريد معرفة النشاط المصرفي الإسلامي. متضمنا مقدمة عن نشأة المصرف وتعريفه وبواعثه، وعرف الربا تعريفا موجزا لما له من علاقة بالمصرف. وثلاثة أبواب، الأول عن النشاط المصرفي الاقتصادي الإسلامي في السوق. وفي الثاني تحدث عن العمليات التابعة للنشاط المصرفي مثل: الرقابة الشرعية والمصرفية، وإعداد الموازنة التخطيطية في المصرف الإسلامي، ودراسة الجدوى وتوزيع الأرباح في المصارف الإسلامية، وعلاقة المصرف الإسلامي بالمصرف المركزي. أما الثالث فاحتوى على النشاط المصرفي الإسلامي الاجتماعي والثقافي. | ||
| 650 | 7 |
_aالبنوك الإسلامية _2aucsh |
|
| 942 |
_2ddc _cBOOK _n0 |
||
| 949 |
_aSA-JeALM _d241216 _umohamedma123 _n1 |
||
| 999 |
_c3587 _d3587 |
||